Wheat Kings - The Tragically Hip Lyrics - Statistics

General Stats
  • This quiz has been taken 5 times
  • The average score is 86 of 125
Answer Stats
Answer % Correct
a
100%
and
100%
the
100%
it
80%
it's
80%
kings
80%
new
80%
no
80%
pretty
80%
there's
80%
things
80%
what
80%
wheat
80%
where
80%
after
60%
all
60%
are
60%
around
60%
besides
60%
breezes
60%
brings
60%
buried
60%
dark
60%
dead
60%
didn't
60%
do
60%
dream
60%
dreams
60%
face
60%
for
60%
grey
60%
have
60%
he
60%
hear
60%
high
60%
hung
60%
in
60%
interested
60%
Jesus
60%
just
60%
killer's
60%
let's
60%
lighter
60%
lined
60%
locked
60%
maybe
60%
ministers
60%
morning
60%
museum
60%
nothing
60%
of
60%
one's
60%
our
60%
parents'
60%
Paris
60%
pictures
60%
place
60%
prairies
60%
prime
60%
pushing
60%
rusty
60%
school's
60%
see
60%
sees
60%
sinister
60%
someone
60%
something
60%
standing
60%
stark
60%
Sundown
60%
that's
60%
tomorrow
60%
treasures
60%
twenty
60%
up
60%
wait
60%
walls
60%
weathervane
60%
well
60%
we're
60%
with
60%
years
60%
yellow
60%
you
60%
zippo
60%
his
40%
No matching quizzes found
Score Distribution
Percent of People with Each Score
Percentile by Number Answered
Your Score History
You have not taken this quiz